=LDR 00000nam 2200000 4500 =001 INLIS000000000054378 =990 ##$$a 61900898 =990 ##$$a 61900901 =990 ##$$a 61900900 =990 ##$$a 61900899 =005 20200123082138 =990 ##$$a 61900901 =990 ##$$a 61900898 =990 ##$$a 61900898 =990 ##$$a 61900898 =035 ##$$a 0010-0120000156 =990 ##$$a 61900900 =990 ##$$a 61900900 =990 ##$$a 61900901 =990 ##$$a 61900901 =007 ta =990 ##$$a 61900899 =990 ##$$a 61900899 =990 ##$$a 61900899 =990 ##$$a 61900900 =008 200123###########################0#ind## =020 ##$$a 978-602-5990-12-0 =082 ##$$a 610.73 =084 ##$$a 610.73 SUD k =100 #$$a Sudirman =245 1#$$a Keperawatan nyeri dengan waching : $b Model Pengelolaan Nyeri berbasis Kenyamanan /$c Sudirman =260 ##$$a Yogyakarta :$b pustak panasea,$c 2018 =300 ##$$a xii, 94 hlm. : $b ilus. ; $c 24 Cm. =520 ##$$a bib: hlm 73-78. =600 #4$$a Keperawatan =990 ##$$a 06300630 =990 ##$$a 06300630 =990 ##$$a 06300630 =990 ##$$a 06300630 =990 ##$$a 61900899 =990 ##$$a 6202000630 =990 ##$$a 6202000631 =990 ##$$a 6202000632 =990 ##$$a 61900900 =990 ##$$a 6202000630 =990 ##$$a 6202000631 =990 ##$$a 61900899 =990 ##$$a 61900901 =990 ##$$a 6202000630 =990 ##$$a 61900900 =990 ##$$a 61900899 =990 ##$$a 61900898 =990 ##$$a 61900901 =990 ##$$a 61900900 =990 ##$$a 61900899